african capital flags - Statistics

General Stats
  • This quiz has been taken 24 times
  • The average score is 35 of 54
Answer Stats
Picture Answer % Correct
Addis Ababa
100%
Abuja
93%
Bangui
93%
Bissau
93%
Kampala
93%
Kinshasa
93%
Maputo
93%
Praia
93%
Tripoli
93%
Asmara
87%
Conakry
87%
Dakar
87%
Tunis
87%
Yamoussoukro
87%
Accra
80%
Cairo
80%
Dodoma
80%
Kigali
80%
Lilongwe
80%
Mbabane
80%
Monrovia
80%
Nouakchott
80%
Ouagadougou
80%
Porto-Novo
80%
Rabat
80%
Algiers
73%
Luanda
73%
Maseru
73%
São Tomé
73%
Gitega
67%
Juba
67%
Libreville
67%
Antananarivo
60%
Harare
60%
Port Louis
60%
Freetown
53%
Windhoek
53%
Brazzaville
47%
Lusaka
47%
Nairobi
47%
Victoria
47%
Lomé
40%
Mogadishu
40%
Pretoria
40%
Gaborone
33%
Khartoum
33%
Moroni
33%
N'Djamena
33%
Yaoundé
33%
Djibouti
27%
Niamey
27%
Bamako
20%
Banjul
20%
Malabo
20%
No matching quizzes found
Score Distribution
Percent of People with Each Score
Percentile by Number Answered
Your Score History
You have not taken this quiz